[Event "Bundesliga 2014-15"]
[Site "Rostock GER"]
[Date "2015.02.01"]
[Round "9.3"]
[Board "8"]
[White "Thiede, Lars"]
[Black "Carlstedt, Jonathan"]
[Result "0-1"]
[WhiteTitle "IM"]
[BlackTitle "IM"]
[WhiteElo "2443"]
[BlackElo "2440"]
[WhiteTeam "SF Berlin 1903"]
[BlackTeam "Hamburger SK"]
[WhiteFideId "4607759"]
[BlackFideId "24614386"]
[EventDate "2014.10.18"]
[EventType "team"]

1. g3 Nf6 2. Bg2 c6 3. e4 e5 4. d4 d6 5. dxe5 dxe5 6. Qxd8+ Kxd8 7. Bg5 Bd6 8.
Nd2 Nd7 9. O-O-O Ke7 10. Nc4 Bc7 11. Nf3 b5 12. Ne3 h6 13. Nf5+ Kf8 14. Bxf6
Nxf6 15. Nd6 Bg4 16. Nxe5 Bxd1 17. Rxd1 Bxd6 18. Rxd6 Ke7 19. Rxc6 Rhc8 20. Ra6
Rc7 21. Nc6+ Kf8 22. e5 Nd7 23. f4 Nc5 24. Ra3 Rac8 25. Nb4 a5 26. Rxa5 Nd3+ 27.
Nxd3 Rxc2+ 28. Kb1 Rxg2 29. a3 Rb8 30. Nc5 Ke8 31. e6 fxe6 32. Nxe6 b4 33. Nc7+
Kf7 34. Na6 0-1

[Event "Bundesliga 2014-15"]
[Site "Rostock GER"]
[Date "2015.02.01"]
[Round "9.4"]
[Board "5"]
[White "Gruenberg, Hans-Ulrich"]
[Black "Tischbierek, Raj"]
[Result "1/2-1/2"]
[WhiteTitle "IM"]
[BlackTitle "GM"]
[WhiteElo "2377"]
[BlackElo "2414"]
[WhiteTeam "SSC Rostock 07"]
[BlackTeam "USV TU Dresden"]
[WhiteFideId "4611306"]
[BlackFideId "4611322"]
[EventDate "2014.10.18"]
[EventType "team"]

1. d4 d5 2. c4 c6 3. cxd5 cxd5 4. Bf4 Nc6 5. Nc3 e5 6. Bxe5 Nxe5 7. dxe5 d4 8.
Ne4 Qa5+ 9. Nd2 Nh6 10. Nf3 Nf5 11. a3 Be6 12. g3 Rd8 13. b4 Qb6 14. Bh3 Be7 15.
Qa4+ Bd7 16. Qa5 Qxa5 17. bxa5 Be6 18. Bxf5 Bxf5 19. O-O f6 20. Rfc1 Rd5 21. Nc4
O-O 22. Nh4 Be6 23. Nf3 Rc8 24. exf6 Bxf6 25. Ncd2 Rxc1+ 1/2-1/2

[Event "Bundesliga 2014-15"]
[Site "Emsdetten GER"]
[Date "2015.02.01"]
[Round "9.6"]
[Board "7"]
[White "Fiebig, Thomas"]
[Black "Medvegy, Zoltan"]
[Result "1-0"]
[WhiteTitle "IM"]
[BlackTitle "GM"]
[WhiteElo "2401"]
[BlackElo "2510"]
[WhiteTeam "SK Turm Emsdetten"]
[BlackTeam "SC Eppingen"]
[WhiteFideId "4693922"]
[BlackFideId "708402"]
[EventDate "2014.10.18"]
[EventType "team"]

1. e4 e6 2. d4 d5 3. Nc3 Bb4 4. Bd3 dxe4 5. Bxe4 Nf6 6. Bf3 O-O 7. Bg5 h6 8.
Bxf6 Qxf6 9. Ne2 Nc6 10. Bxc6 bxc6 11. O-O Bxc3 12. bxc3 c5 13. Ng3 Bb7 14. Qd3
cxd4 15. cxd4 Rfd8 16. c3 e5 17. Rfd1 exd4 18. cxd4 Rd7 19. Qb5 Qc6 20. Qxc6
Bxc6 21. Rdc1 Bd5 22. Ne2 Rb8 23. Rc2 Rb4 24. Rd1 c6 25. f3 Rdb7 26. Nf4 Bc4 27.
Rdd2 Bb5 28. Rb2 Rxb2 29. Rxb2 g5 30. Nh5 Rb6 31. Nf6+ Kg7 32. Nd7 Ra6 33. Nc5
Ra3 34. Rc2 Kf6 35. Ne4+ Ke6 36. Rc5 Rd3 37. Re5+ 1-0

[Event "Bundesliga 2014-15"]
[Site "Munich GER"]
[Date "2015.02.21"]
[Round "10.2"]
[Board "2"]
[White "Laznicka, Viktor"]
[Black "Grandelius, Nils"]
[Result "1/2-1/2"]
[WhiteTitle "GM"]
[BlackTitle "GM"]
[WhiteElo "2666"]
[BlackElo "2569"]
[WhiteTeam "SK Schwaebisch Hall"]
[BlackTeam "SK Turm Emsdetten"]
[WhiteFideId "316385"]
[BlackFideId "1710400"]
[EventDate "2014.10.18"]
[EventType "team"]

1. e4 c5 2. Nf3 d6 3. Bb5+ Nd7 4. c3 Nf6 5. Qe2 a6 6. Ba4 e5 7. O-O Be7 8. d4 b5
9. Bc2 O-O 10. d5 Nh5 11. a4 Rb8 12. axb5 axb5 13. Na3 c4 14. Be3 Nhf6 15. Rfb1
Ng4 16. b3 Nxe3 17. Qxe3 Ba6 18. Nxc4 bxc4 19. Rxa6 Nc5 20. Ra3 cxb3 21. Bxb3
Ra8 22. Rxa8 Qxa8 23. Bc2 Qa2 24. Bd3 Rc8 25. g3 Bd8 26. Kg2 Ba5 27. Nxe5 Nxd3
28. Qxd3 dxe5 29. Qa6 Rf8 30. Rb5 Qe2 31. Qxa5 Qxe4+ 32. Kg1 Qe1+ 33. Kg2 Qe4+
34. Kg1 1/2-1/2

[Event "Bundesliga 2014-15"]
[Site "Hamburg GER"]
[Date "2015.02.21"]
[Round "10.5"]
[Board "6"]
[White "Rogozenco, Dorian"]
[Black "Feygin, Michael"]
[Result "1/2-1/2"]
[WhiteTitle "GM"]
[BlackTitle "GM"]
[WhiteElo "2508"]
[BlackElo "2488"]
[WhiteTeam "Hamburger SK"]
[BlackTeam "SV Muelheim Nord"]
[WhiteFideId "1210319"]
[BlackFideId "14103109"]
[EventDate "2014.10.18"]
[EventType "team"]

1. d4 e6 2. c4 Nf6 3. Nc3 Bb4 4. e3 c5 5. Ne2 b6 6. a3 Ba5 7. Rb1 Na6 8. Bd2 O-O
9. Ng3 Bb7 10. Bd3 cxd4 11. exd4 Bxc3 12. bxc3 d5 13. Qe2 dxc4 14. Bxc4 Nc7 15.
O-O Rc8 16. Bd3 Qd6 17. Rfe1 Rfd8 18. Rbc1 Rd7 19. a4 h6 20. f3 Re8 21. Kh1 Bc6
22. Ra1 Rdd8 23. Qf2 Qd7 24. Ne4 1/2-1/2

[Event "Bundesliga 2014-15"]
[Site "Hamburg GER"]
[Date "2015.02.21"]
[Round "10.6"]
[Board "6"]
[White "Skibbe, Willi"]
[Black "Andersen, Mads"]
[Result "1-0"]
[WhiteTitle "FM"]
[BlackTitle "IM"]
[WhiteElo "2274"]
[BlackElo "2485"]
[WhiteTeam "SSC Rostock 07"]
[BlackTeam "SG Solingen"]
[WhiteFideId "4682190"]
[BlackFideId "1413864"]
[EventDate "2014.10.18"]
[EventType "team"]

1. d4 d5 2. c4 c6 3. Nf3 Nf6 4. Nc3 e6 5. Bg5 h6 6. Bh4 dxc4 7. e4 g5 8. Bg3 b5
9. Be2 Bb7 10. O-O Nbd7 11. d5 cxd5 12. exd5 Nxd5 13. Nxb5 Qb6 14. Bxc4 Rc8 15.
Qa4 a6 16. Nbd4 Qb4 17. Bb3 Qxa4 18. Bxa4 Nb6 19. Bb3 Bg7 20. Rad1 g4 21. Nh4
Nc5 22. Ndf5 exf5 23. Rfe1+ Ne4 24. Bd6 Bxb2 25. Nxf5 a5 26. a3 Bc3 27. Re2 Bf6
28. Ng3 Kd7 29. Nxe4 Bxe4 30. Be5+ Bd5 31. Bxf6 Rhe8 32. Bxd5 Rxe2 33. Bc4+ Nd5
34. Bxe2 1-0

[Event "Bundesliga 2014-15"]
[Site "Berlin GER"]
[Date "2015.02.22"]
[Round "11.4"]
[Board "2"]
[White "Howell, David W L"]
[Black "Kraemer, Martin"]
[Result "1-0"]
[WhiteTitle "GM"]
[BlackTitle "GM"]
[WhiteElo "2657"]
[BlackElo "2570"]
[WhiteTeam "SG Trier"]
[BlackTeam "SF Berlin 1903"]
[WhiteFideId "410608"]
[BlackFideId "4671910"]
[EventDate "2014.10.18"]
[EventType "team"]

1. c4 Nf6 2. Nc3 e6 3. e4 d5 4. cxd5 exd5 5. e5 Ne4 6. d4 Bb4 7. Qa4+ Nc6 8. Bb5
Bd7 9. Ne2 Nxc3 10. bxc3 Be7 11. Nf4 O-O 12. Nxd5 a6 13. Be2 Nxe5 14. Qc2 Ng6
15. Nxe7+ Qxe7 16. O-O Bc6 17. c4 Be4 18. Qd2 Rfe8 19. f3 Bf5 20. Re1 c6 21. a4
Rad8 22. Bb2 Qd6 23. Bf1 f6 24. Bc3 c5 25. d5 Nf8 26. Qb2 Qc7 27. a5 Nd7 28. Qf2
Ne5 29. Re3 Nf7 30. Rae1 Kf8 31. Qb2 Rxe3 32. Rxe3 Re8 33. Bd2 Rxe3 34. Bxe3 Ne5
35. Qb3 h5 36. Bf2 Kf7 37. Be2 Kg6 38. Qa3 Nd7 39. Bg3 Ne5 40. Bf2 Nd7 41. g4
hxg4 42. fxg4 Be4 43. Bg3 Ne5 44. Qe3 Bb1 45. Qb3 Be4 46. Qe3 Bb1 47. Bxe5 fxe5
48. Qb3 Be4 49. Bf3 Bxf3 50. Qxf3 Kh7 51. Qd3+ Kg8 52. d6 Qxa5 53. d7 Qd8 54.
Qf5 Qa5 55. Qxe5 1-0

[Event "Bundesliga 2014-15"]
[Site "Hamburg GER"]
[Date "2015.02.22"]
[Round "11.5"]
[Board "3"]
[White "Hansen, Sune Berg"]
[Black "Sandipan, Chanda"]
[Result "1/2-1/2"]
[WhiteTitle "GM"]
[BlackTitle "GM"]
[WhiteElo "2572"]
[BlackElo "2603"]
[WhiteTeam "Hamburger SK"]
[BlackTeam "SG Solingen"]
[WhiteFideId "1400266"]
[BlackFideId "5004225"]
[EventDate "2014.10.18"]
[EventType "team"]

1. d4 d5 2. c4 c6 3. Nf3 Nf6 4. e3 Bf5 5. Nc3 e6 6. Nh4 Be4 7. f3 Bg6 8. g3 Be7
9. Nxg6 hxg6 10. Qb3 Qc7 11. Kf2 Nbd7 12. Bd2 Rd8 13. cxd5 Nxd5 14. Nxd5 exd5
15. Kg2 Nf8 16. Rc1 Ne6 17. Be2 g5 18. Qa4 Qb8 19. Ba5 Rd7 20. Rhd1 Qd6 21. Rh1
a6 22. Be1 Nc7 23. Qb3 Nb5 24. a4 Na7 25. Bf2 Nc8 26. e4 Qe6 27. Qe3 Nd6 28.
exd5 Qxe3 29. Bxe3 cxd5 30. Bd3 O-O 31. Rhe1 Bf6 32. Bf2 g6 33. b4 Rfd8 34. Re2 1/2-1/2

[Event "Bundesliga 2014-15"]
[Site "Hamburg GER"]
[Date "2015.02.22"]
[Round "11.5"]
[Board "7"]
[White "Heinemann, Thies"]
[Black "Wegerle, Joerg"]
[Result "1/2-1/2"]
[WhiteTitle "IM"]
[BlackTitle "IM"]
[WhiteElo "2473"]
[BlackElo "2438"]
[WhiteTeam "Hamburger SK"]
[BlackTeam "SG Solingen"]
[WhiteFideId "4601556"]
[BlackFideId "4644743"]
[EventDate "2014.10.18"]
[EventType "team"]

1. e4 c5 2. Nf3 Nc6 3. Bb5 Nf6 4. Bxc6 dxc6 5. Nc3 g6 6. h3 Bg7 7. d3 Nd7 8. Be3
e5 9. Qd2 h6 10. a3 Qe7 11. O-O b6 12. Rfb1 a5 13. b3 Ba6 14. Ra2 Bb7 15. Rba1
h5 16. b4 O-O 17. Na4 axb4 18. axb4 cxb4 19. Nxb6 Nxb6 20. Bxb6 c5 21. Rxa8 Rxa8
22. Rxa8+ Bxa8 23. Qe3 Bf8 24. Nd2 Bc6 25. Nb3 Ba4 26. Bxc5 Qc7 27. d4 Bxb3 28.
Bxf8 Kxf8 29. Qxb3 exd4 30. Qxb4+ Kg8 31. Qxd4 Qxc2 32. Qd8+ Kg7 33. Qd4+ Kg8
34. Qe3 Qd1+ 35. Kh2 Qd6+ 36. Qg3 Qd4 37. Qf4 Kg7 38. h4 Qb2 39. f3 Qd4 40. Kg3
Qc3 41. e5 Qe1+ 42. Kh2 Qe2 43. Qd4 Kg8 44. Qe4 Qa2 45. Kg3 Kg7 46. Qc6 Qa1 47.
Qf6+ Kg8 48. Kh2 Qd4 49. Kg3 Qa1 50. Qg5 Qe1+ 51. Kh2 Qe2 52. Qd8+ Kg7 53. Qd4
Kg8 54. Kh3 Qa6 55. Qe4 Kg7 56. Qe3 Qe6+ 57. Kg3 Qa2 58. Qc3 Kg8 59. Kh3 Qe6+
60. g4 hxg4+ 61. fxg4 Qd5 62. Qe3 Kg7 63. Kg3 Qd1 64. Qf2 1/2-1/2

[Event "Bundesliga 2014-15"]
[Site "Hamburg GER"]
[Date "2015.02.22"]
[Round "11.6"]
[Board "4"]
[White "Hausrath, Daniel"]
[Black "Gruenberg, Hans-Ulrich"]
[Result "1-0"]
[WhiteTitle "GM"]
[BlackTitle "IM"]
[WhiteElo "2515"]
[BlackElo "2377"]
[WhiteTeam "SV Muelheim Nord"]
[BlackTeam "SSC Rostock 07"]
[WhiteFideId "4617495"]
[BlackFideId "4611306"]
[EventDate "2014.10.18"]
[EventType "team"]

1. Nf3 Nf6 2. g3 g6 3. Bg2 Bg7 4. O-O O-O 5. d4 d5 6. Be3 c6 7. Qc1 Nbd7 8. Bh6
Bxh6 9. Qxh6 Re8 10. c4 dxc4 11. Nbd2 Nb6 12. Ng5 e5 13. dxe5 Rxe5 14. Nde4 Nbd5
15. Rad1 Qf8 16. Rxd5 Qxh6 17. Nxf6+ Kg7 18. Rxe5 Kxf6 19. f4 Be6 20. Rd1 Ke7
21. Bh3 Qg7 22. Bxe6 fxe6 23. Rxe6+ Kf8 24. Re5 Kg8 25. h4 Qc7 26. Kg2 c5 27.
Ne4 Rf8 28. Rd6 Kh8 29. Rxc5 Qe7 30. Re5 Qc7 31. Rde6 b6 32. Re7 Qc6 33. Rxa7 c3
34. bxc3 Ra8 35. Rae7 1-0

[Event "Bundesliga 2014-15"]
[Site "Eppingen GER"]
[Date "2015.02.22"]
[Round "11.7"]
[Board "3"]
[White "Balogh, Csaba"]
[Black "Tari, Aryan"]
[Result "1/2-1/2"]
[WhiteTitle "GM"]
[BlackTitle "IM"]
[WhiteElo "2660"]
[BlackElo "2450"]
[WhiteTeam "SC Eppingen"]
[BlackTeam "SC Hansa Dortmund"]
[WhiteFideId "718939"]
[BlackFideId "1510045"]
[EventDate "2014.10.18"]
[EventType "team"]

1. e4 c6 2. d4 d5 3. e5 Bf5 4. h4 h5 5. Bd3 Bxd3 6. Qxd3 e6 7. Bg5 Qb6 8. Nd2 c5
9. c4 Nc6 10. Ngf3 cxd4 11. O-O Nge7 12. a3 Qxb2 13. Rfc1 Qb6 14. Rab1 Qa6 15.
Qb3 Rb8 16. Bxe7 Bxe7 17. cxd5 exd5 18. Qxd5 O-O 19. e6 f5 20. Qd7 Qxa3 21. Nc4
Qc5 22. Nb6 Qa3 23. Nd5 Rbd8 24. Qxb7 Rxd5 25. Rxc6 Rdd8 26. Rc7 Rfe8 27. Ne5
Rb8 28. Qxb8 Rxb8 29. Rxb8+ Kh7 30. Rcc8 Bd8 31. g4 d3 32. Rxd8 Qa1+ 33. Kg2
Qxe5 34. Rh8+ Kg6 35. gxh5+ Kf6 36. Rhf8+ Ke7 37. Rfe8+ Kf6 38. Rf8+ Ke7 39.
Rf7+ Kd6 40. Rd8+ Kc5 41. Rxd3 Qe4+ 42. Rf3 Qg4+ 43. Rg3 Qe4+ 44. Kh2 Qxh4+ 45.
Kg1 Qxh5 46. Rxa7 Qd1+ 47. Kg2 Qd5+ 48. Rf3 Qxe6 49. Rxg7 Qf6 50. Ra7 Qg6+ 51.
Kf1 Kd4 52. Ra4+ Kd5 53. Rd3+ Kc5 54. Rf4 Qf6 55. Rdf3 Qa1+ 56. Kg2 Qg7+ 57. Rg3
Qf6 58. Rff3 Kd4 59. Rc3 f4 60. Rgd3+ Ke4 61. f3+ Kf5 62. Rc5+ Kg6 63. Rdc3 Qd4
64. Rc6+ Kg7 65. Rc2 Kf7 66. Rc7+ Kf6 67. R2c4 Qd2+ 68. Kh3 Kg5 69. R7c5+ Kg6
70. Rc6+ Kg7 71. Rc7+ Kg6 72. R4c6+ Kg5 73. Rc5+ Kg6 74. R7c6+ Kg7 75. Kg4 Qg2+
76. Kxf4 Qh2+ 77. Ke3 Qg1+ 78. Ke4 Qe1+ 79. Kf5 Qb1+ 80. Kf4 Qb4+ 81. Kf5 Qb1+
82. Rc2 Qb5+ 83. Kg4 Qb4+ 84. R6c4 Qe1 85. Rc7+ Kg8 86. Kf5 Qb1 87. f4 Qb5+ 88.
Kg4 Qd5 89. R2c5 Qg2+ 90. Kf5 Qh3+ 91. Kf6 Qh6+ 92. Ke5 Qh8+ 93. Kd5 Qh1+ 94.
Kd4 Qa1+ 95. Rc3 Qa4+ 96. Ke3 Qe8+ 97. Kf2 Qe4 98. R7c4 Qd5 99. Kg3 Qd1 100. f5
Kf7 101. Rc7+ Kf6 102. R7c6+ Kg5 103. f6 Qg4+ 104. Kf2 Qd4+ 105. Ke2 Qe4+ 106.
Kd2 Qd4+ 107. Kc1 Qf4+ 108. Kc2 Qa4+ 109. Kd3 Kg6 110. R3c4 Qd1+ 111. Kc3 Qa1+
112. Kb4 Qb2+ 113. Ka5 Qe5+ 114. Ka6 Qe2 115. Kb7 Kf7 116. Rb4 Qf3 117. Rb6 Qd5
118. Ka7 Qa5+ 119. Kb8 Qe5+ 120. Rc7+ Kf8 121. f7 Qf4 122. Re6 Qb4+ 123. Rb7
Qf4+ 124. Ka8 Kg7 125. Ree7 Qa4+ 126. Kb8 Qf4+ 127. Rbc7 Qb4+ 128. Kc8 Qa4 129.
Kb8 Qb4+ 130. Rb7 Qd6+ 131. Rec7 Qf8+ 132. Rc8 Qd6+ 133. Ka7 Qa3+ 134. Kb6 Qb4+
135. Kc7 Qe7+ 136. Kb8 Qd6+ 137. Rcc7 Qf8+ 138. Ka7 Qa3+ 139. Kb6 Qb3+ 140. Kc6
Qe6+ 141. Kc5 Qe5+ 142. Kb6 Qd6+ 143. Rc6 Qb4+ 144. Kc7 Qe7+ 145. Kb8 Qf8+ 146.
Ka7 Qa3+ 147. Ra6 Qc5+ 148. Kb8 Qf8+ 149. Ka7 Qc5+ 150. Rab6 Qa3+ 151. Kb8 Qf8+ 1/2-1/2

[Event "Bundesliga 2014-15"]
[Site "Dortmund GER"]
[Date "2015.03.14"]
[Round "12.5"]
[Board "6"]
[White "Hera, Imre Jr."]
[Black "Bluebaum, Matthias"]
[Result "0-1"]
[WhiteTitle "GM"]
[BlackTitle "IM"]
[WhiteElo "2576"]
[BlackElo "2530"]
[WhiteTeam "SC Hansa Dortmund"]
[BlackTeam "Werder Bremen"]
[WhiteFideId "716855"]
[BlackFideId "24651516"]
[EventDate "2014.10.18"]
[EventType "team"]

1. c4 e6 2. Nf3 d5 3. g3 Nf6 4. Bg2 d4 5. O-O c5 6. e3 Nc6 7. exd4 cxd4 8. d3
Bd6 9. Na3 e5 10. Re1 O-O 11. c5 Bc7 12. Bg5 h6 13. Bxf6 Qxf6 14. Nd2 Be6 15.
Nac4 Qd8 16. Bxc6 bxc6 17. Nxe5 Bxe5 18. Rxe5 Qb8 19. Re2 Qxb2 20. Nb3 Qa3 21.
Nxd4 Bg4 22. f3 Qxc5 23. fxg4 Qxd4+ 24. Rf2 Rab8 25. Rc1 Rb2 26. Rc2 Rxc2 27.
Qxc2 Qxg4 28. Qxc6 Qd1+ 29. Kg2 Qxd3 30. Qb7 a6 31. h4 Qc4 32. Kh2 Re8 33. Qb3
Qc7 34. Qf3 a5 35. Qd5 Re3 36. Qg2 Qe5 37. Rd2 Re4 38. Kh3 f5 39. Qf3 Kh7 40.
Rf2 Kg6 41. Rg2 Re3 42. Qc6+ Kh7 43. h5 f4 44. Qc2+ Re4 45. g4 f3 46. Rg3 Qf4
47. Qd3 f2 48. Kg2 Kg8 49. Qd5+ Kh7 50. Qd3 Kg8 51. Qd8+ Kf7 52. Rf3 Qxf3+ 53.
Kxf3 f1=Q+ 54. Kxe4 Qe2+ 55. Kf4 Qf2+ 56. Ke4 Qxa2 57. Qd7+ Kg8 58. Qc8+ Kh7 59.
Qa6 Qc2+ 60. Kf3 a4 61. Kf4 Qd2+ 62. Kf3 Qc3+ 63. Kg2 Qb2+ 64. Kg3 Qb3+ 65. Kh4
a3 66. Qg6+ Kh8 67. Qe8+ Qg8 68. Qa4 a2 69. Kh3 Qe6 70. Qa3 Qd5 71. Qf8+ Kh7 72.
Qf1 Qb3+ 73. Kh4 Qb1 0-1

[Event "Bundesliga 2014-15"]
[Site "Dortmund GER"]
[Date "2015.03.15"]
[Round "13.5"]
[Board "6"]
[White "Zumsande, Martin"]
[Black "Berg, Emanuel"]
[Result "0-1"]
[WhiteTitle "IM"]
[BlackTitle "GM"]
[WhiteElo "2432"]
[BlackElo "2555"]
[WhiteTeam "SK Turm Emsdetten"]
[BlackTeam "SC Hansa Dortmund"]
[WhiteFideId "4651324"]
[BlackFideId "1704060"]
[EventDate "2014.10.18"]
[EventType "team"]

1. e4 c5 2. c3 d5 3. exd5 Nf6 4. Bb5+ Nbd7 5. c4 a6 6. Bxd7+ Qxd7 7. d4 e6 8.
Nf3 exd5 9. O-O dxc4 10. Qe2+ Be7 11. dxc5 O-O 12. Qxc4 Qd5 13. Qxd5 Nxd5 14.
Rd1 Be6 15. Nbd2 Nb4 16. Nd4 Rad8 17. Nxe6 fxe6 18. Rf1 Bxc5 19. Ne4 Bb6 20. Bg5
Rd4 21. Be3 Rxe4 22. Bxb6 Nd5 23. Bc5 Rc8 24. f3 Re2 25. Rf2 Rxf2 26. Bxf2 Rc2
27. Bd4 Nf4 28. Be5 Nd3 29. Bd4 Nf4 30. Be5 Nd3 31. Bd4 Nxb2 32. g3 Nd3 33. Rd1
Rc1 34. Rxc1 Nxc1 35. Be3 Nxa2 36. Bd2 b5 37. Kf2 b4 38. Ke2 a5 39. Kd3 a4 40.
Kd4 0-1

[Event "Bundesliga 2014-15"]
[Site "Baden-Baden GER"]
[Date "2015.04.11"]
[Round "14.1"]
[Board "5"]
[White "Lampert, Jonas"]
[Black "Kasimdzhanov, Rustam"]
[Result "0-1"]
[WhiteTitle "IM"]
[BlackTitle "GM"]
[WhiteElo "2442"]
[BlackElo "2706"]
[WhiteTeam "Hamburger SK"]
[BlackTeam "OSG Baden-Baden"]
[WhiteFideId "1303759"]
[BlackFideId "14200244"]
[EventDate "2014.10.18"]
[EventType "team"]

1. e4 e6 2. d4 d5 3. Nd2 Be7 4. c3 c5 5. dxc5 Bxc5 6. Bd3 Nc6 7. Ngf3 Nge7 8.
O-O O-O 9. b4 Bd6 10. b5 Ne5 11. Nxe5 Bxe5 12. Bb2 Ng6 13. Nf3 Bf6 14. e5 Nxe5
15. Nxe5 Bxe5 16. Bxh7+ Kxh7 17. Qh5+ Kg8 18. Qxe5 f6 19. Qe2 a6 20. a4 Bd7 21.
c4 dxc4 22. bxa6 Rxa6 23. Qxc4 Qa8 24. Rfe1 Re8 25. Qe4 e5 26. Qc4+ Ree6 27. Qd5
Rd6 28. Qc4 Rc6 29. Qd5 Rd6 30. Qc4 Be8 31. h3 Rc6 32. Qd5 Bf7 33. Red1 Rc2 34.
Qd8+ Qxd8 35. Rxd8+ Re8 36. Rxe8+ Bxe8 37. Ba3 Bxa4 38. Rc1 Ra2 39. Rc8+ Kh7 40.
Bf8 Rd2 41. Rc7 Rd1+ 42. Kh2 Rd7 43. Rxd7 Bxd7 44. h4 b5 45. f3 Kg6 46. g4 Kf7
47. Ba3 g6 48. Kg3 Ke6 49. Kf2 Be8 50. Ke3 Kd5 51. Be7 f5 52. gxf5 gxf5 53. Bf8
f4+ 54. Ke2 Bh5 55. Kf2 e4 56. fxe4+ Kxe4 57. Bd6 f3 58. Bf8 Kd3 59. Be7 Kc3 60.
Ke3 b4 0-1

[Event "Bundesliga 2014-15"]
[Site "Schwaebisch Hall GER"]
[Date "2015.04.11"]
[Round "14.3"]
[Board "8"]
[White "Pogan, Nikolas"]
[Black "Heinz, Timothee"]
[Result "0-1"]
[WhiteTitle "FM"]
[BlackTitle "FM"]
[WhiteElo "2301"]
[BlackElo "2330"]
[WhiteTeam "SK Schwaebisch Hall"]
[BlackTeam "SF Katernberg"]
[WhiteFideId "24673579"]
[BlackFideId "623369"]
[EventDate "2014.10.18"]
[EventType "team"]

1. d4 Nf6 2. Nf3 e6 3. Bg5 c5 4. c3 b6 5. e3 Bb7 6. Nbd2 cxd4 7. exd4 d6 8. Bd3
Nbd7 9. O-O Be7 10. Qe2 O-O 11. a4 a6 12. Rfe1 h6 13. Bh4 Nh5 14. Bg3 Ndf6 15.
Nh4 Qc7 16. Ng6 fxg6 17. Qxe6+ Rf7 18. Bxg6 Rf8 19. Qc4 Qd7 20. Re2 b5 21. axb5
axb5 22. Qb3 Bd8 23. Rae1 Bd5 24. Bxf7+ Bxf7 25. Qa3 Nxg3 26. hxg3 Bd5 27. b3
Qc6 28. c4 bxc4 29. bxc4 Bf7 30. d5 Qd7 31. Qb4 Ng4 32. Nf3 Bf6 33. Rd1 Rc8 34.
Nd4 Ne5 35. Rc2 Bg6 36. Rc3 Qg4 37. f3 Qxg3 38. Ne2 Qh4 39. Qxd6 Rxc4 40. Rxc4
Qxc4 41. Nd4 Qa4 42. Qb8+ Kh7 43. Rd2 Qa1+ 44. Kh2 Nc4 0-1

[Event "Bundesliga 2014-15"]
[Site "Bremen GER"]
[Date "2015.04.11"]
[Round "14.5"]
[Board "5"]
[White "Dann, Matthias"]
[Black "Bluebaum, Matthias"]
[Result "1/2-1/2"]
[WhiteTitle "IM"]
[BlackTitle "IM"]
[WhiteElo "2452"]
[BlackElo "2530"]
[WhiteTeam "SF Berlin 1903"]
[BlackTeam "Werder Bremen"]
[WhiteFideId "24638056"]
[BlackFideId "24651516"]
[EventDate "2014.10.18"]
[EventType "team"]

1. e4 e6 2. d4 d5 3. Nc3 Nf6 4. Bg5 Bb4 5. e5 h6 6. Bh4 g5 7. Bg3 Ne4 8. Ne2 f5
9. f3 Bxc3+ 10. Nxc3 Nxc3 11. bxc3 c5 12. dxc5 Qa5 13. Qd2 Qxc5 14. h4 Rg8 15.
hxg5 hxg5 16. Rh7 Nc6 17. Rb1 Qa5 18. f4 Qxa2 19. Rb3 Qa1+ 20. Kf2 b6 21. Bb5
Bd7 22. c4 d4 23. fxg5 O-O-O 24. Bf4 Nb8 25. Qd3 Rh8 26. Ra3 Qb1 27. g6 Rxh7 28.
gxh7 Rh8 29. Rxa7 Rxh7 30. Qxd4 Qxc2+ 31. Qd2 Qe4 32. Qe3 Qc2+ 33. Qd2 Qe4 34.
Qe3 Qc2+ 1/2-1/2

[Event "Bundesliga 2014-15"]
[Site "Baden-Baden GER"]
[Date "2015.04.12"]
[Round "15.2"]
[Board "8"]
[White "Groetzbach, Julian"]
[Black "Bay, Nicolai"]
[Result "1-0"]
[WhiteElo "2169"]
[BlackElo "1965"]
[WhiteTeam "Hamburger SK"]
[BlackTeam "SC Eppingen"]
[WhiteFideId "24600938"]
[BlackFideId "12927619"]
[EventDate "2014.10.18"]
[EventType "team"]

1. e4 c5 2. Nf3 d6 3. Bb5+ Nd7 4. O-O Nf6 5. Re1 e5 6. c3 a6 7. Bf1 Be7 8. d4
O-O 9. a4 b6 10. Nbd2 Bb7 11. d5 Qc7 12. Nc4 Rfe8 13. Qc2 Bf8 14. b3 g6 15. g3
Bg7 16. h4 h6 17. Ne3 Nf8 18. Nh2 Bc8 19. Bd3 Bd7 20. Qe2 Rab8 21. Neg4 Nxg4 22.
Nxg4 h5 23. Nh6+ Bxh6 24. Bxh6 b5 25. Bc2 Nh7 26. Ra2 Qa5 27. Bd2 Rb7 28. b4 Qc7
29. axb5 axb5 30. Rea1 c4 31. Be3 Reb8 32. Ra6 Be8 33. f4 f6 34. Kh2 Qe7 35. Qf2
Nf8 36. f5 gxf5 37. exf5 Rd8 38. Rg1 Kh8 39. g4 hxg4 40. Rxg4 Bh5 41. Rg1 Qh7
42. Qg3 Bf7 43. Be4 Be8 44. Ra2 Nd7 45. Bh6 Nb6 46. Rag2 Rdd7 47. Qg8+ Qxg8 48.
Rxg8+ Kh7 49. Rxe8 Kxh6 50. Rh8+ Rh7 51. Rg6+ Kh5 52. Kh3 1-0

[Event "Bundesliga 2014-15"]
[Site "Schwaebisch Hall GER"]
[Date "2015.04.12"]
[Round "15.3"]
[Board "4"]
[White "Tari, Aryan"]
[Black "Cornette, Matthieu"]
[Result "1/2-1/2"]
[WhiteTitle "IM"]
[BlackTitle "GM"]
[WhiteElo "2450"]
[BlackElo "2548"]
[WhiteTeam "SC Hansa Dortmund"]
[BlackTeam "SK Schwaebisch Hall"]
[WhiteFideId "1510045"]
[BlackFideId "620084"]
[EventDate "2014.10.18"]
[EventType "team"]

1. c4 Nf6 2. Nc3 e6 3. e4 d5 4. cxd5 exd5 5. e5 Ne4 6. d4 Bb4 7. Qa4+ Nc6 8. Bb5
O-O 9. Ne2 Nxd4 10. Nxd4 c5 11. Ne2 d4 12. a3 dxc3 13. O-O Nd2 14. Rd1 a6 15.
bxc3 axb5 16. Qc2 Bf5 17. Qxd2 Qxd2 18. Rxd2 Ba5 19. Bb2 Be6 20. Ng3 Rfd8 21.
Rad1 Re8 22. f4 b4 23. axb4 cxb4 24. Ne4 Bb6+ 25. Kh1 Be3 26. Rd3 bxc3 27. Bxc3
Bxf4 28. Nd6 Reb8 29. Nxb7 Bb3 30. Ra1 Rxa1+ 31. Bxa1 Be6 32. Rd1 h5 33. Nd6 Bg4
34. Rf1 Be2 35. Re1 Bd2 36. Rg1 Be3 37. Re1 Bd2 38. Rg1 Rb4 39. h3 h4 40. Nf5
Rf4 41. Nd4 Bc4 42. Nf3 Be3 43. Rd1 Kh7 44. Bd4 Bxd4 45. Rxd4 Rxd4 46. Nxd4 Kg6
47. Nf3 Kh5 48. Kg1 g5 49. Kf2 Bd5 50. Nd4 g4 51. hxg4+ Kxg4 52. Ne2 Kf5 53. g3
h3 54. Kg1 Kxe5 1/2-1/2